Transnational sustainability laws
שמור ב:
| מחבר ראשי: | |
|---|---|
| פורמט: | ספר |
| שפה: | אנגלית |
| יצא לאור: |
Cambridge
Cambridge University Press
2017
|
| מהדורה: | 1a. ed |
| סדרה: | Global Law Series
|
| נושאים: | |
| תגים: |
הוספת תג
אין תגיות, היה/י הראשונ/ה לתייג את הרשומה!
|
MARC
| LEADER | 00000cam a2200000 a 4500 | ||
|---|---|---|---|
| 001 | UCC5739 | ||
| 003 | CL-VaPUC | ||
| 008 | 181026e20170000uk |||||||||||||||||eng|d | ||
| 020 | |a 9781108405997 | ||
| 082 | 0 | 4 | |a 346.04 |b PAI |2 21 |
| 100 | 0 | |a Paiement, Phillip |e author |9 600074 | |
| 245 | 1 | 0 | |a Transnational sustainability laws |
| 250 | |a 1a. ed | ||
| 300 | |a 349 p | ||
| 942 | |c BK | ||
| 945 | |d 20181026 16:22:00 |a dcastane | ||
| 260 | |a Cambridge |b Cambridge University Press |c 2017 | ||
| 650 | 0 | |a Derecho ambiental |9 257835 | |
| 650 | 7 | |a SUSTENTABILIDAD |2 CL-VaPUC |9 527568 | |
| 650 | 7 | |a INDUSTRIA DEL ACEITE |2 CL-VaPUC |9 493279 | |
| 583 | |a last modification |c 20181026 16:22:00 |k Rodrigo Vera | ||
| 490 | 0 | |a Global Law Series | |
| 999 | |c 372856 |d 372854 | ||
| 952 | |0 0 |1 0 |3 erb |4 0 |6 346_040000000000000_PAI_2017 |7 0 |8 A |9 490718 |a BIBDER |b BIBDER |i 5509963 |l 4 |m 4 |o 346.04 PAI 2017 |p 5509963 |r 2025-03-18 |s 2023-08-31 |w 2019-11-24 |y BK |z Catalogado en:20181026 |k DER | ||